书目信息 |
| 题名: |
村镇建设用地再开发景观生态环境保护与规划
|
|
| 作者: | 咸春龙 , 胡月明 , 任向宁 编著 | |
| 分册: | ||
| 出版信息: | 北京 科学出版社 2016.11 |
|
| 页数: | 186页 | |
| 开本: | 24cm | |
| 丛书名: | 建设用地再开发研究丛书 | |
| 单 册: | ||
| 中图分类: | X321.2 , X322.2 | |
| 科图分类: | ||
| 主题词: | 城乡建设--土地开发--生态环境保护 , 城乡建设--土地开发--生态环境--环境规划 | |
| 电子资源: | ||
| ISBN: | 978-7-03-050780-8 | |
| 000 | 01333oam2 2200289 450 | |
| 001 | 4556 | |
| 005 | 20181012114921.25 | |
| 010 | @a978-7-03-050780-8@dCNY75.00 | |
| 100 | @a20170215d2016 em y0chiy50 ea | |
| 101 | 0 | @achi |
| 102 | @aCN@b110000 | |
| 105 | @aab z 000yy | |
| 200 | 1 | @a村镇建设用地再开发景观生态环境保护与规划@9cun zhen jian she yong di zai kai fa jing guan sheng tai huan jing bao hu yu gui hua@f咸春龙,胡月明,任向宁编著 |
| 210 | @a北京@c科学出版社@d2016.11 | |
| 215 | @a186页@c图,地图@d24cm | |
| 225 | 2 | @a建设用地再开发研究丛书 |
| 330 | @a本书首先从建设用地再开发概况、建设用地再开发的理论与方法、建设用地再开发类型划分与现状评价三方面进行理论介绍,然后从景观生态环境调查与评价、弱质景观环境空间评价与识别、建设用地再开发生态规划三方面对本书创新研究问题——弱质景观评价进行针对性介绍,最后通过案例分析对村镇建设用地再开发进行具体阐述与分析,详细全面地完成对村镇建设用地再开发的系统性研究。 | |
| 461 | 0 | @12001 @a建设用地再开发研究丛书 |
| 606 | 0 | @a城乡建设@x土地开发@x生态环境保护 |
| 606 | 0 | @a城乡建设@x土地开发@x生态环境@x环境规划 |
| 690 | @aX321.2@v5 | |
| 690 | @aX322.2@v4 | |
| 701 | 0 | @a咸春龙@9xian chun long@c(经济学)@4编著 |
| 701 | 0 | @a胡月明@9hu yue ming@f(1964.9-)@4编著 |
| 701 | 0 | @a任向宁@9ren xiang ning@4编著 |
| 801 | 0 | @aCN@b91MARC@c20170215 |
| 905 | @aMuseLib@dX322.2@e252 | |
| 村镇建设用地再开发景观生态环境保护与规划/咸春龙,胡月明,任向宁编著.-北京:科学出版社,2016.11 |
| 186页:图,地图;24cm.-(建设用地再开发研究丛书) |
| ISBN 978-7-03-050780-8:CNY75.00 |
| 本书首先从建设用地再开发概况、建设用地再开发的理论与方法、建设用地再开发类型划分与现状评价三方面进行理论介绍,然后从景观生态环境调查与评价、弱质景观环境空间评价与识别、建设用地再开发生态规划三方面对本书创新研究问题——弱质景观评价进行针对性介绍,最后通过案例分析对村镇建设用地再开发进行具体阐述与分析,详细全面地完成对村镇建设用地再开发的系统性研究。 |
| ● |
| 相关链接 |
|
|
|
|
正题名:村镇建设用地再开发景观生态环境保护与规划
索取号:X322.2/252
 
预约/预借
| 序号 | 登录号 | 条形码 | 馆藏地/架位号 | 状态 | 备注 |
| 1 | 1125696 | 211256969 | 第二样本阅览室/ [索取号:X322.2/252] | 在馆 | |
| 2 | 1125697 | 211256978 | 第三借阅区/ [索取号:X322.2/252] | 在馆 | |
| 3 | 1125698 | 211256987 | 第三借阅区/ [索取号:X322.2/252] | 在馆 | |
| 4 | 1125699 | 211256996 | 第三借阅区/ [索取号:X322.2/252] | 在馆 | |
| 5 | 1125700 | 211257003 | 第三借阅区/ [索取号:X322.2/252] | 在馆 |